LEADER 01987nam0 2200469 i 450 001 MIL0446344 005 20251003044233.0 010 $a8814079633 020 $aIT$b2000-12858 100 $a20130827d2000 ||||0itac50 ba 101 | $aita 102 $ait 181 1$6z01$ai $bxxxe 182 1$6z01$an 200 1 $aˆL'‰ipoteca$fCristiano Cicero 210 $aMilano$cGiuffrè$d\2000! 215 $aXXII, 559 p.$d24 cm. 225 | $aˆIl ‰diritto privato oggi 410 0$1001CFI0212377$12001 $aˆIl ‰diritto privato oggi 606 $aIpoteche$2FIR$3CFIC066731$9I 606 $aIpoteche$xLegislazione$xItalia$2FIR$3CFIC232216$9N 676 $a346.04$9DIRITTO. PROPRIETA'.$v12 676 $a346.4504$9Diritto privato. Italia - Pianificazione urbana$v14 676 $a346.4504364$9DIRITTO DELLA PROPRIETA' IMMOBILIARE. IPOTECHE. ITALIA$v21 676 $a346.4504364$9DIRITTO DELLA PROPRIETA' IMMOBILIARE. IPOTECHE. ITALIA$v22 676 $a347$9DIRITTO PROCESSUALE CIVILE E TRIBUNALI CIVILI$v21 696 $aCredito ipotecario 696 $aCredito ipotecario 699 $aIpoteche$zCredito ipotecario 699 $aIpoteche$zCredito ipotecario 700 1$aCicero$b, Cristiano$3MILV231837$4070$0258630 801 3$aIT$bIT-000000$c20130827 850 $aIT-BN0095 $aIT-AV0007 901 $bNAP 01$cD $n$ 901 $bNAP AV$cSALA C $nSala consultazione 901 $bNAP 01$cRCOST $nMateriale bibliografico trasferito come da verbale del 15/07/2009 901 $bNAP AV$cSEZ. M $nSezione Moderna 912 $aMIL0446344 950 0$aBiblioteca Centralizzata di Ateneo$d 01D (AR) 27 581$e 01AR 0700275815 VMA 1 v.$fY $h20250225$i20250225$c1 v.$d 01RCOST 346.4504 CIC.ip$e 0102 0000077705 VMA A4 1 v.$fY $h20091210$i20190128 977 $a 01$a AV 996 $aIpoteca$9698203 997 $aUNISANNIO